100 actrices cultes - Statistiques

Statistiques générales
  • Ce quiz a été pris 313 fois
  • Le résultat moyen est 22 sur 100
Statistiques - réponses
Numéro Réponse % Correct
1 Julia Roberts
59%
5 Angelina Jolie
58%
18 Emma Stone
58%
8 Emma Watson
57%
55 Catherine Deneuve
53%
6 Meryl Streep
53%
10 Marion Cotillard
51%
2 Natalie Portman
51%
7 Scarlett Johansson
51%
27 Jennifer Lawrence
50%
13 Margot Robbie
48%
19 Jennifer Aniston
47%
25 Kate Winslet
47%
15 Cate Blanchett
39%
16 Anne Hathaway
38%
3 Marilyn Monroe
38%
23 Audrey Hepburn
37%
30 Sophie Marceau
37%
4 Nicole Kidman
35%
17 Charlize Theron
32%
85 Isabelle Adjani
32%
42 Jodie Foster
32%
32 Sandra Bullock
32%
52 Monica Bellucci
31%
61 Halle Berry
30%
56 Isabelle Huppert
30%
64 Penelope Cruz
30%
11 Brigitte Bardot
28%
46 Eva Green
28%
20 Juliette Binoche
27%
33 Keira Knightley
27%
51 Uma Thurman
27%
43 Grace Kelly
25%
88 Gwyneth Paltrow
25%
26 Megan Fox
25%
87 Julianne Moore
23%
36 Audrey Tautou
22%
49 Gal Gadot
22%
40 Helena Bonham Carter
22%
99 Jenna Ortega
22%
93 Jessica Alba
22%
54 Reese Witherspoon
22%
69 Zoe Saldana
22%
29 Blake Lively
21%
79 Eva Longoria
21%
41 Michelle Pfeiffer
21%
37 Elizabeth Taylor
20%
90 Jane Fonda
20%
21 Mélanie Laurent
20%
44 Amy Adams
19%
77 Winona Ryder
19%
28 Charlotte Gainsbourg
18%
63 Josiane Balasko
18%
50 Mila Kunis
18%
12 Romy Schneider
18%
100 Simone Signoret
18%
68 Elizabeth Olsen
17%
45 Katharine Hepburn
17%
48 Salma Hayek
17%
34 Emilia Clarke
16%
84 Dakota Johnson
15%
89 Eva Mendes
15%
83 Bette Davis
14%
35 Courteney Cox
14%
14 Emmanuelle Béart
14%
98 Nathalie Baye
14%
70 Jeanne Moreau
13%
22 Rachel McAdams
13%
72 Virginie Efira
13%
59 Audrey Fleurot
12%
31 Jennifer Garner
12%
76 Diane Keaton
11%
65 Lily Collins
11%
74 Emma Roberts
10%
91 Lucy Liu
10%
24 Judy Garland
9%
53 Kristen Bell
9%
80 Leïla Bekhti
9%
9 Faye Dunaway
8%
67 Jennifer Love Hewitt
8%
96 Catherine Frot
7%
95 Chantal Lauby
7%
66 Evangeline Lilly
7%
47 Sarah Michelle Gellar
7%
60 Shailene Woodley
7%
86 Teri Hatcher
7%
38 Kate Beckinsale
6%
71 Olivia Wilde
6%
58 Zooey Deschanel
6%
62 Alyssa Milano
5%
57 Chloë Grace Moretz
4%
92 Felicity Huffman
3%
78 Michelle Rodriguez
3%
82 Elodie Bouchez
2%
94 Louise Brooks
2%
81 Rose McGowan
2%
75 Barbara Steele
1%
39 Cobie Smulders
1%
97 Gabrielle Anwar
1%
73 Gene Tierney
1%
Aucun quiz correspondant
Distribution des résultats
% des personnes avec chaque résultat
Percentile par nombre de réponses
Votre historique - résultats
Vous n’avez pas pris ce quiz